000
00308 a2200157 4500
001
61835
020
_a
040
_c
Anchieta - Pituba
100
_a
Gottschall, Irenise
240
1
0
_a
Jesus na arte
_l
por
245
1
0
_a
Jesus na arte
300
_a
192
362
0
_a
1986
650
4
_a
Artes
942
_c
BK
999
_c
61835
_d
61835